| 000 | 00456 a2200133 4500 | ||
|---|---|---|---|
| 001 | 90553 | ||
| 082 | _aPR 965 | ||
| 090 |
_c42888 _d42888 |
||
| 100 | _aHassan Saleh; Abdul Sattar Chandio, advisors | ||
| 245 |
_aEvaluation and comparison of theoretical and experimental stresses acting on the horizontal stabilizer of an F-6 aircraft _nG-28 |
||
| 260 |
_aKarachi _bNED University _c1988 |
||
| 300 |
_axi, 145 p. _bhand written |
||
| 500 | _aBE Project Reports | ||
| 942 |
_aCAE NUST _kPR 965 |
||
| 999 |
_c325626 _d325626 |
||